000 01516nam a2200469 i 4500
001 2789
003 KOSZ 005
005 20190719141158.0
008 040519s1976 pl a f f |001 0 pol
015 _aPB 1976/4726
035 _a991023498909705066
035 _a(PL-WaBN)b16438991-48omnis_nlop
035 _ab16438991
035 _a(OCoLC)749675105
035 _a(PL)b0000001643899
035 _a(EXLNZ-48OMNIS_NETWORK)9910379216605606
040 _aWA N
_cWA N
_dKOSZ 005/EG
041 0 _apol
046 _k1976
080 _a51
080 _a(075.8)
245 1 0 _aMatematyka :
_bdla wydziałów budowlanych i mechanicznych.
_nT. 3 /
_coprac. Aleksander Hać [et al.] ; pod red. Edwarda Otto.
250 _aWyd. 2.
260 _aWarszawa :
_bPańst. Wydaw. Naukowe,
_c1976.
300 _a400, s. :
_bil. ;
_c25 cm.
336 _2rdacontent
_aTekst
_btxt
337 _2rdamedia
_aBez urządzenia pośredniczęcego
_bn
338 _2rdacarrier
_aWolumin
_bnc
380 _aKsiążki
380 _aPublikacje dydaktyczne
385 _mPoziom nauczania
_aSzkoły wyższe
388 _a1901-2000
388 _a1945-1989
504 _aIndeks.
650 7 _aMatematyka
_2DBN
655 7 _aPodręczniki akademickie
_2DBN
700 1 _aHać, Aleksander
_eOpracowanie
700 1 _aOtto, Edward
_d(1908-1986)
_eRedakcja
856 _uhttp://koha.tu.koszalin.pl/cgi-bin/koha/opac-detail.pl?biblionumber=2789
_yKatalog online BPK
942 _2UKD
_cKS
999 _c2789
_d2789